Music Quiz

Random Music or Song Quiz

Locations in Kokomo Quiz Stats

 Plays Quiz Updated Jul 30, 2019

Score 0/9 Timer 02:00
1 Play Today
% Correct
(The) Bahamas
95.9%
Bermuda
88.3%
Key Largo (Florida Keys)
85.7%
Jamaica
85.4%
Montego (Bay)
77.9%
Aruba
74.7%
Martinique
11.5%
Port au Prince
9.7%
Montserrat
8.5%

You're not logged in!

Compare scores with friends on all Sporcle quizzes.
OR
Log In

Sporcle TV

Today on Sporcle TV


Watch our educational content, quiz creation guides, and fun videos on Sporcle TV.

Show Comments

Extras

Top Quizzes Today


Score Distribution

Your Account Isn't Verified!

In order to create a playlist on Sporcle, you need to verify the email address you used during registration. Go to your Sporcle Settings to finish the process.

Report this User

Report this user for behavior that violates our Community Guidelines.

Details: